| 000 | 00636nam a22001935i 4500 | ||
|---|---|---|---|
| 001 | 157660 | ||
| 003 | ES-MaACL | ||
| 005 | 20230906210811.0 | ||
| 008 | 040906s1867 gw |||| | eng d | ||
| 040 |
_aCAM _bspa _cCAM |
||
| 100 | 1 |
_aLever, Charles. _9128919 |
|
| 245 | 1 | 0 |
_aSir Brook Fossbrooke / _cby Charles Lever. |
| 260 |
_aLeipzig : _bBernhard Tauchnitz, _c1867. |
||
| 300 |
_a2 v. (400; 384 p.) ; _c16 cm. |
||
| 490 | 1 |
_aCollection of British Authors ; _v886; 887 |
|
| 830 | 0 |
_aCollection of British Authors ; _v886; 887 _9180703 |
|
| 852 |
_aES-MaACL _jG-12642 _z-- Enc. hol. _z-- Enc. 2 t. en 1 v. |
||
| 999 |
_c157660 _d157660 |
||